Flooding strongman needed (Record no. 69822)

MARC details
000 -LEADER
fixed length control field 01012cam a2200217 4500
001 - CONTROL NUMBER
control field WB3811-12
008 - FIXED-LENGTH DATA ELEMENTS--GENERAL INFORMATION
fixed length control field 020320n2002 000 0 eng u
035 ## - SYSTEM CONTROL NUMBER
System control number (Sirsi) u117194
245 ## - TITLE STATEMENT
Title Flooding strongman needed
260 ## - PUBLICATION, DISTRIBUTION, ETC.
Date of publication, distribution, etc. 2002
490 ## - SERIES STATEMENT
Series statement RICS Press Release
Volume/sequential designation 20 March 2002, (1)
520 ## - SUMMARY, ETC.
Summary, etc. RICS urges government to streamline the flood control and prevention system and appoint a 'flooding strongman' to co-ordinate flooding policy. Speaking at a conference in London RICS president Peter Faulkner stated that separate legislation andnumerous individual bodies and local authorities dealing with flooding has made flood management and funding too complex and a rethink is urgently needed. http://www.rics.org/ricscms/bin/show?class=PressRelease&template=/includes/showpr.html&id=696
590 ## - LOCAL NOTE (RLIN)
Local note WB
650 ## - SUBJECT ADDED ENTRY--TOPICAL TERM
Topical term or geographic name entry element FLOOD CONTROL
650 ## - SUBJECT ADDED ENTRY--TOPICAL TERM
Topical term or geographic name entry element FUNDING
650 ## - SUBJECT ADDED ENTRY--TOPICAL TERM
Topical term or geographic name entry element FLOOD PREVENTION
650 ## - SUBJECT ADDED ENTRY--TOPICAL TERM
Topical term or geographic name entry element RICS
650 ## - SUBJECT ADDED ENTRY--TOPICAL TERM
Topical term or geographic name entry element FLOODING
690 ## - LOCAL SUBJECT ADDED ENTRY--TOPICAL TERM (OCLC, RLIN)
Topical term or geographic name as entry element ENVIRONMENTAL AND LAND CONSULTANCY
942 ## - ADDED ENTRY ELEMENTS (KOHA)
Suppress in OPAC 0
Holdings
Withdrawn status Lost status Source of classification or shelving scheme Damaged status Not for loan Home library Current library Shelving location Date acquired Total Checkouts Full call number Barcode Date last seen Copy number Price effective from Koha item type
    Dewey Decimal Classification     London London News article 20/03/2002   WB3811-12 117194-1001 06/08/2019 1 06/08/2019 News article